[Event "Landesliga Nord 1920"]
[Site "Bayern"]
[Date "2019.11.10"]
[Round "2.1"]
[White "Seuffert, Gabriel"]
[Black "Heika, Martin"]
[Result "0-1"]
[WhiteElo "2226"]
[BlackElo "2239"]
[PlyCount "84"]
[EventDate "2019.09.29"]
[EventType "team-tourn"]
[EventRounds "9"]
[EventCountry "GER"]
[SourceTitle "EXT 2021"]
[Source "ChessBase"]
[SourceDate "2020.10.23"]
[SourceVersion "1"]
[SourceVersionDate "2020.10.23"]
[SourceQuality "1"]
[WhiteTeam "Schweinfurt"]
[BlackTeam "Kareth Lappersdorf"]
[WhiteTeamCountry "GER"]
[BlackTeamCountry "GER"]

1. c4 Nf6 2. g3 e6 3. Bg2 d5 4. Nf3 Be7 5. 0-0 0-0 6. d4 dxc4 7. Qc2 a6 8. a4 Bd7 9. Rd1 Bc6 10. Nc3 Bb4 11. Na2 Bd6 12. Bg5 Nbd7 13. Nc3 b5 14. d5 Bxd5 15. Nxd5 exd5 16. Rxd5 h6 17. Bxf6 Nxf6 18. Rdd1 Qe8 19. Nd4 Rb8 20. axb5 axb5 21. Bc6 Qe5 22. Bf3 Rb6 23. Ra5 Bb4 24. Raa1 Bc5 25. e3 Bxd4 26. Rxd4 Rd6 27. Rxd6 cxd6 28. Qd2 Qc5 29. Ra6 d5 30. Qa5 Rb8 31. Kg2 d4 32. exd4 Qxd4 33. Qc7 Rd8 34. Rb6 Ne4 35. Bxe4 Qxe4+ 36. Kh3 Qf5+ 37. Kg2 Qe4+ 38. Kh3 Qf5+ 39. Kg2 Rd2 40. Qb8+ Kh7 41. Rxb5 Qxf2+ 42. Kh3 Qf1+ 0-1

[Event "Landesliga Nord 1819"]
[Site "Bayern"]
[Date "2019.01.20"]
[Round "5.1"]
[White "Jansa, Vlastimil"]
[Black "Seuffert, Gabriel"]
[Result "1-0"]
[WhiteElo "2458"]
[BlackElo "2205"]
[PlyCount "101"]
[EventDate "2018.10.21"]
[EventType "team-tourn"]
[EventRounds "9"]
[EventCountry "GER"]
[SourceTitle "EXT 2022"]
[Source "ChessBase"]
[SourceDate "2021.10.06"]
[SourceVersion "1"]
[SourceVersionDate "2021.10.06"]
[SourceQuality "1"]
[WhiteTeam "Forchheim SC"]
[BlackTeam "Schweinfurt"]
[WhiteTeamCountry "GER"]
[BlackTeamCountry "GER"]

1. e4 c5 2. Nf3 e6 3. Nc3 Nc6 4. d4 cxd4 5. Nxd4 Qc7 6. f4 a6 7. Nxc6 Qxc6 8. Bd3 b5 9. Qe2 Bb7 10. Bd2 Be7 11. a3 Rc8 12. 0-0 Nf6 13. Rae1 Bc5+ 14. Kh1 h5 15. e5 Ng4 16. Be4 Qc7 17. Bxb7 Qxb7 18. Ne4 Qc6 19. Rf3 Be7 20. Rc3 Qb7 21. Rxc8+ Qxc8 22. h3 f5 23. exf6 Nxf6 24. Ng5 Nd5 25. f5 Bxg5 26. Bxg5 Kf7 27. fxe6+ dxe6 28. Rf1+ Nf6 29. Qf3 Qd8 30. Bxf6 gxf6 31. Qb7+ Kg6 32. Qe4+ Kf7 33. Qb7+ Kg6 34. Qxa6 Qd5 35. Qb6 Rd8 36. Qf2 Qg5 37. h4 Qe5 38. c3 f5 39. Re1 Qf6 40. Qg3+ Kf7 41. Qf4 Rd5 42. Rf1 Qd8 43. Rf2 Rd3 44. Kh2 Kg6 45. Re2 Kf7 46. g3 Qd5 47. Qh6 Rd1 48. Qxh5+ Ke7 49. Rg2 Kd7 50. Qe2 Rd3 51. h5 1-0

[Event "Bayern-ch 89th"]
[Site "Bad Kissingen"]
[Date "2018.08.28"]
[Round "4"]
[White "Seuffert, Gabriel"]
[Black "Finster, Michael"]
[Result "1-0"]
[WhiteElo "2314"]
[BlackElo "2132"]
[PlyCount "65"]
[EventDate "2018.08.26"]
[EventType "swiss"]
[EventRounds "9"]
[EventCountry "GER"]
[SourceTitle "CBM 189 Extra"]
[Source "ChessBase"]
[SourceDate "2019.06.03"]
[SourceVersion "1"]
[SourceVersionDate "2019.06.03"]
[SourceQuality "1"]

1. c4 e5 2. g3 Nc6 3. Nc3 f5 4. Nf3 e4 5. Nh4 d6 6. d3 exd3 7. Qxd3 Ne5 8. Qc2 g6 9. Bg2 Bg7 10. Nf3 Nf6 11. 0-0 0-0 12. Rd1 Nf7 13. Nd4 Qe7 14. e3 c6 15. b3 Bd7 16. Re1 Rae8 17. Bb2 Ne4 18. Rad1 h5 19. Nf3 g5 20. Nd2 Nxf2 21. Kxf2 Ne5 22. Kg1 f4 23. exf4 gxf4 24. Nce4 fxg3 25. Bxe5 Bxe5 26. h3 Rf2 27. Qd3 Qh4 28. Nf3 Rxg2+ 29. Kxg2 Qxh3+ 30. Kg1 Bf5 31. Qd2 Bg7 32. Neg5 Rxe1+ 33. Qxe1 1-0

[Event "Unterfranken-ch69 M1"]
[Site "Schweinfurt"]
[Date "2018.04.04"]
[Round "4"]
[White "Seuffert, Gabriel"]
[Black "Helm, Timo"]
[Result "1-0"]
[WhiteElo "2302"]
[BlackElo "2071"]
[PlyCount "69"]
[EventDate "2018.04.02"]
[EventType "tourn"]
[EventRounds "9"]
[EventCountry "GER"]
[SourceTitle "EXT 2019"]
[Source "ChessBase"]
[SourceDate "2018.10.10"]
[SourceVersion "1"]
[SourceVersionDate "2018.10.10"]
[SourceQuality "1"]

1. c4 f5 2. g3 g6 3. Bg2 Bg7 4. Nc3 Nf6 5. d3 0-0 6. e4 d6 7. exf5 Bxf5 8. Nge2 Nbd7 9. Nd4 e6 10. Nxf5 exf5 11. Bxb7 Re8+ 12. Kf1 Rb8 13. Bg2 Qe7 14. Rb1 Ne5 15. Bg5 c6 16. d4 Nxc4 17. Bxc6 Rec8 18. Bd5+ Nxd5 19. Bxe7 Nxc3 20. Qe1 Nxb1 21. Kg2 Kf7 22. Bg5 h6 23. Qe7+ Kg8 24. Bf6 Bxf6 25. Qxf6 Nbd2 26. Qxg6+ Kf8 27. Qxh6+ Kf7 28. b3 Ne4 29. Qh7+ Kf6 30. bxc4 Rb2 31. Rf1 Rxc4 32. g4 Rb5 33. Qh8+ Kg5 34. f4+ Kg6 35. Qg8+ 1-0

[Event "Oberliga Bayern 1718"]
[Site "Bayern"]
[Date "2018.01.21"]
[Round "5.2"]
[White "Seuffert, Gabriel"]
[Black "Unzicker, Ferdinand"]
[Result "0-1"]
[WhiteElo "2284"]
[BlackElo "2312"]
[PlyCount "72"]
[EventDate "2017.10.22"]
[EventType "team-tourn"]
[EventRounds "9"]
[EventCountry "GER"]
[SourceTitle "EXT 2020"]
[Source "ChessBase"]
[SourceDate "2019.10.17"]
[SourceVersion "1"]
[SourceVersionDate "2019.10.17"]
[SourceQuality "1"]
[WhiteTeam "Schweinfurt"]
[BlackTeam "Bayern Muenchen II"]
[WhiteTeamCountry "GER"]
[BlackTeamCountry "GER"]

1. c4 e5 2. g3 Nf6 3. Bg2 c6 4. d4 e4 5. Nc3 d5 6. Bg5 Nbd7 7. cxd5 cxd5 8. f3 Bb4 9. fxe4 dxe4 10. Qa4 Bxc3+ 11. bxc3 0-0 12. Qc2 h6 13. Bd2 Nb6 14. Nh3 Nc4 15. 0-0 Bg4 16. Bc1 Nd5 17. Nf2 Bf5 18. Nd1 Nd6 19. Ba3 Bg6 20. Bxd6 Qxd6 21. Bxe4 Bxe4 22. Qxe4 Rae8 23. Qf3 f5 24. e3 Qe6 25. Rb1 f4 26. exf4 Nxf4 27. gxf4 Qg6+ 28. Qg2 Qxb1 29. Ne3 Qd3 30. Ng4 Re2 31. Qxb7 Qxc3 32. Qd5+ Kh7 33. Qd6 Qc8 34. Ne5 Rf6 35. Qd5 Qh3 36. Qh1 Qe3+ 0-1

[Event "Oberliga Bayern 1617"]
[Site "Bayern"]
[Date "2017.02.05"]
[Round "5.2"]
[White "Mischustov, Michael"]
[Black "Seuffert, Gabriel"]
[Result "1-0"]
[WhiteElo "2313"]
[BlackElo "2276"]
[PlyCount "63"]
[EventDate "2016.10.16"]
[EventType "team-tourn"]
[EventRounds "9"]
[EventCountry "GER"]
[SourceTitle "EXT 2019"]
[Source "ChessBase"]
[SourceDate "2018.10.10"]
[SourceVersion "1"]
[SourceVersionDate "2018.10.10"]
[SourceQuality "1"]
[WhiteTeam "Nuernberg NT"]
[BlackTeam "Schweinfurt"]
[WhiteTeamCountry "GER"]
[BlackTeamCountry "GER"]

1. e4 c5 2. Nf3 e6 3. c3 d5 4. e5 d4 5. Bb5+ Bd7 6. Bxd7+ Qxd7 7. cxd4 cxd4 8. d3 Nc6 9. 0-0 Nge7 10. Bf4 Ng6 11. Bg3 Be7 12. Nbd2 0-0 13. a3 Qd5 14. Re1 Rfd8 15. h4 Qb5 16. h5 Nf8 17. Nc4 Nd7 18. h6 g6 19. Qe2 Qd5 20. Bf4 b5 21. Ncd2 Rac8 22. Rac1 Re8 23. Nh2 f6 24. exf6 Bxf6 25. Ng4 Qf5 26. Qf3 Nce5 27. Nxf6+ Nxf6 28. Qb7 Nf7 29. Rxc8 Qxf4 30. Rxe6 Qxh6 31. Rexe8+ Kg7 32. Rf8 1-0

[Event "Oberliga Bayern 1617"]
[Site "Bayern"]
[Date "2016.12.04"]
[Round "3.2"]
[White "Froewis, Georg"]
[Black "Seuffert, Gabriel"]
[Result "1/2-1/2"]
[WhiteElo "2407"]
[BlackElo "2276"]
[PlyCount "81"]
[EventDate "2016.10.16"]
[EventType "team-tourn"]
[EventRounds "9"]
[EventCountry "GER"]
[SourceTitle "EXT 2019"]
[Source "ChessBase"]
[SourceDate "2018.10.10"]
[SourceVersion "1"]
[SourceVersionDate "2018.10.10"]
[SourceQuality "1"]
[WhiteTeam "Pang/Rosenheim"]
[BlackTeam "Schweinfurt"]
[WhiteTeamCountry "GER"]
[BlackTeamCountry "GER"]

1. Nf3 Nf6 2. c4 c5 3. Nc3 e6 4. g3 b6 5. Bg2 Bb7 6. 0-0 a6 7. Re1 d6 8. e4 Nbd7 9. d4 cxd4 10. Nxd4 Qc7 11. Be3 Be7 12. Rc1 0-0 13. f4 Rfe8 14. g4 Nf8 15. g5 N6d7 16. b3 Rad8 17. h4 Qb8 18. Qg4 e5 19. Nf5 exf4 20. Bxf4 Ne5 21. Qg3 Ne6 22. Bd2 Bf8 23. Nd5 Bxd5 24. exd5 Nc5 25. Rf1 b5 26. Bc3 Ncd7 27. Kh1 bxc4 28. Nh6+ gxh6 29. gxh6+ Ng6 30. h5 Nde5 31. Be4 Qb7 32. bxc4 Bxh6 33. Rc2 Qe7 34. hxg6 Nxg6 35. Bf5 Bg7 36. Bxg7 Kxg7 37. Rh2 Rh8 38. Qh3 Qg5 39. Qc3+ f6 40. Rg2 Qh4+ 41. Rh2 1/2-1/2

[Event "Oberliga Bayern 1617"]
[Site "Bayern"]
[Date "2016.10.16"]
[Round "1.2"]
[White "Renner, Christoph"]
[Black "Seuffert, Gabriel"]
[Result "0-1"]
[WhiteElo "2322"]
[BlackElo "2276"]
[PlyCount "134"]
[EventDate "2016.10.16"]
[EventType "team-tourn"]
[EventRounds "9"]
[EventCountry "GER"]
[SourceTitle "EXT 2019"]
[Source "ChessBase"]
[SourceDate "2018.10.10"]
[SourceVersion "1"]
[SourceVersionDate "2018.10.10"]
[SourceQuality "1"]
[WhiteTeam "Bayern Muenchen II"]
[BlackTeam "Schweinfurt"]
[WhiteTeamCountry "GER"]
[BlackTeamCountry "GER"]

1. e4 c5 2. Nf3 e6 3. d3 Nc6 4. g3 Nge7 5. Bg2 g6 6. c3 d5 7. e5 d4 8. 0-0 Bg7 9. Re1 h6 10. Na3 dxc3 11. bxc3 Nd5 12. Bd2 0-0 13. d4 cxd4 14. cxd4 Bd7 15. Nc4 b5 16. Nd6 Qb6 17. Re4 f6 18. Rb1 fxe5 19. Rxb5 Qa6 20. Rb7 Nf6 21. Rxe5 Rad8 22. Bf1 Qa3 23. Nc4 Qxa2 24. Re1 Rb8 25. Qb1 Qxb1 26. Rexb1 Rbd8 27. Bh3 Bc8 28. Rc7 Nxd4 29. Nxd4 Rxd4 30. Be3 Rdd8 31. Rxa7 Nd5 32. Bc5 Rf7 33. Rxf7 Kxf7 34. Nd6+ Kf6 35. Rb8 Bf8 36. Nb7 Re8 37. Bd4+ Kf7 38. Na5 Bd6 39. Ra8 Bd7 40. Ra7 Re7 41. Nc4 Bb8 42. Rb7 Bc7 43. Bc5 Bc6 44. Ra7 Rd7 45. f4 Ne7 46. Kf2 Nf5 47. Bf1 Bb8 48. Ra2 Bd5 49. Rb2 Rd8 50. Nb6 Ba7 51. g4 Nd6 52. Be3 Rb8 53. Bd4 Nc8 54. Rc2 Bxb6 55. Bxb6 Nxb6 56. Rc7+ Kf6 57. Rh7 Nc4 58. Rxh6 Kg7 59. Rh3 Rb2+ 60. Be2 Nd6 61. Ke1 Rb4 62. f5 gxf5 63. gxf5 Nxf5 64. Rc3 Kf6 65. Rc2 Nd4 66. Rd2 Nxe2 67. Kxe2 Ke5 0-1

[Event "Landesliga Nord 1516"]
[Site "Bayern"]
[Date "2016.02.21"]
[Round "7.2"]
[White "Seuffert, Gabriel"]
[Black "Breithut, Kurt Georg"]
[Result "1-0"]
[WhiteElo "2276"]
[BlackElo "2147"]
[PlyCount "83"]
[EventDate "2015.10.11"]
[EventType "team-tourn"]
[EventRounds "9"]
[EventCountry "GER"]
[SourceTitle "EXT 2018"]
[Source "ChessBase"]
[SourceDate "2017.10.13"]
[SourceVersion "1"]
[SourceVersionDate "2017.10.13"]
[SourceQuality "1"]
[WhiteTeam "Schweinfurt"]
[BlackTeam "Bamberg SC"]
[WhiteTeamCountry "GER"]
[BlackTeamCountry "GER"]

1. c4 c6 2. e4 d6 3. Nc3 g6 4. g3 Bg7 5. Bg2 e5 6. Nge2 Be6 7. b3 Qd7 8. h3 Ne7 9. d4 f5 10. d5 cxd5 11. exd5 Bf7 12. 0-0 Na6 13. f4 e4 14. Be3 0-0 15. Bd4 Bxd4+ 16. Qxd4 Be8 17. g4 Nc8 18. Kh2 Qg7 19. Qe3 Ne7 20. Nd4 Bd7 21. gxf5 Nxf5 22. Nxf5 Bxf5 23. Nb5 Qe7 24. Rae1 Rfe8 25. Re2 Nc5 26. Rg1 a6 27. Nd4 Qf6 28. Bh1 Re7 29. Rg5 Kh8 30. Reg2 Nd3 31. Nxf5 gxf5 32. R2g3 Rae8 33. Qg1 h6 34. Rg6 Qf8 35. Qd4+ Kh7 36. Rxd6 e3 37. Rf6 Rf7 38. Rxf7+ Qxf7 39. Rxe3 Nc1 40. Rxe8 Qxe8 41. Qd2 Ne2 42. Bf3 1-0

[Event "Landesliga Nord 1516"]
[Site "Bayern"]
[Date "2015.11.15"]
[Round "3.2"]
[White "Seuffert, Gabriel"]
[Black "Heimerdinger, Joerg"]
[Result "1/2-1/2"]
[WhiteElo "2276"]
[BlackElo "2046"]
[PlyCount "131"]
[EventDate "2015.10.11"]
[EventType "team-tourn"]
[EventRounds "9"]
[EventCountry "GER"]
[SourceTitle "EXT 2018"]
[Source "ChessBase"]
[SourceDate "2017.10.13"]
[SourceVersion "1"]
[SourceVersionDate "2017.10.13"]
[SourceQuality "1"]
[WhiteTeam "Schweinfurt"]
[BlackTeam "Bindlach Aktionaer II"]
[WhiteTeamCountry "GER"]
[BlackTeamCountry "GER"]

1. c4 g6 2. g3 Bg7 3. Bg2 e5 4. Nc3 Ne7 5. e4 0-0 6. Nge2 Nbc6 7. 0-0 d6 8. d3 Be6 9. Nd5 Qd7 10. Bg5 f6 11. Be3 Nd8 12. d4 c6 13. Nxe7+ Qxe7 14. d5 Bd7 15. b4 Nf7 16. Qd2 f5 17. Rae1 cxd5 18. exd5 g5 19. f4 h6 20. Bf2 Rfe8 21. Nd4 Qd8 22. Ne6 Bxe6 23. dxe6 Rxe6 24. Bxb7 Rb8 25. Bd5 Re7 26. b5 Kh8 27. Be3 gxf4 28. gxf4 e4 29. Kh1 Qf8 30. Qf2 h5 31. Qh4 Nh6 32. Qxh5 Bf6 33. Re2 Rh7 34. Qg6 Re8 35. Rd1 Ree7 36. Bc6 Reg7 37. Qe8 Qxe8 38. Bxe8 Ng4 39. Rxd6 Rh3 40. Bg1 Rf3 41. Rd7 Rxf4 42. Rxg7 Kxg7 43. c5 Rf1 44. Kg2 Rxg1+ 45. Kxg1 Bd4+ 46. Kg2 Bxc5 47. Bc6 Nf6 48. Rc2 Bb6 49. Rc4 Kg6 50. Ra4 Kg5 51. Ra3 f4 52. Kf1 Kf5 53. Ra4 f3 54. Rc4 Kf4 55. h4 Kg3 56. Rxe4 Nxe4 57. Bxe4 Kxh4 58. Bxf3 Kg3 59. Ke2 Kf4 60. Bh1 Ke5 61. Kd3 Kd6 62. Kc4 Ba5 63. Bg2 Be1 64. a3 Ba5 65. Bf1 Be1 66. Be2 1/2-1/2

[Event "Landesliga Nord 1415"]
[Site "Bayern"]
[Date "2015.04.12"]
[Round "9.2"]
[White "Seuffert, Gabriel"]
[Black "Balin, Jan"]
[Result "1-0"]
[WhiteElo "2276"]
[BlackElo "2264"]
[PlyCount "81"]
[EventDate "2014.10.19"]
[EventType "team-tourn"]
[EventRounds "9"]
[EventCountry "GER"]
[SourceTitle "EXT 2018"]
[Source "ChessBase"]
[SourceDate "2017.10.13"]
[SourceVersion "1"]
[SourceVersionDate "2017.10.13"]
[SourceQuality "1"]
[WhiteTeam "Schweinfurt"]
[BlackTeam "Bad Koetzting"]
[WhiteTeamCountry "GER"]
[BlackTeamCountry "GER"]

1. c4 Nf6 2. g3 e6 3. Bg2 d5 4. Nf3 Be7 5. 0-0 0-0 6. d4 dxc4 7. Qc2 a6 8. a4 Nbd7 9. Rd1 c5 10. Na3 cxd4 11. Nxc4 d3 12. Qxd3 Bc5 13. Bd2 Qe7 14. Nd4 Ng4 15. Be1 Qf6 16. Nf3 Rb8 17. b4 Ba7 18. Qe4 Qg6 19. Qxg6 hxg6 20. h3 Ngf6 21. Nd6 Rd8 22. Ng5 Rf8 23. Rac1 Nb6 24. a5 Nbd5 25. Ngxf7 Bd7 26. Ne5 Ba4 27. Rd3 Rfd8 28. Ne4 Bb5 29. Rd2 Be8 30. Nc5 Bf7 31. e4 Ne7 32. Rxd8+ Rxd8 33. Nxb7 Rc8 34. Rxc8+ Nxc8 35. Nd8 Be8 36. Ndc6 Nd7 37. Bf1 Nxe5 38. Nxe5 Nd6 39. Bxa6 Nxe4 40. Kg2 Bb8 41. Bb7 1-0

[Event "Landesliga Nord 1415"]
[Site "Bayern"]
[Date "2015.02.01"]
[Round "6.2"]
[White "Fuhrmann, Max"]
[Black "Seuffert, Gabriel"]
[Result "1/2-1/2"]
[WhiteElo "2109"]
[BlackElo "2276"]
[PlyCount "126"]
[EventDate "2014.10.19"]
[EventType "team-tourn"]
[EventRounds "9"]
[EventCountry "GER"]
[SourceTitle "EXT 2018"]
[Source "ChessBase"]
[SourceDate "2017.10.13"]
[SourceVersion "1"]
[SourceVersionDate "2017.10.13"]
[SourceQuality "1"]
[WhiteTeam "Kelheim"]
[BlackTeam "Schweinfurt"]
[WhiteTeamCountry "GER"]
[BlackTeamCountry "GER"]

1. e4 c5 2. Nf3 e6 3. d4 cxd4 4. Nxd4 Nc6 5. Nc3 Qc7 6. Be3 a6 7. Be2 Nf6 8. 0-0 Bb4 9. Na4 Be7 10. Nxc6 bxc6 11. Nb6 Rb8 12. Nxc8 Qxc8 13. e5 Nd5 14. Bc1 c5 15. c4 Nb4 16. Bf3 0-0 17. b3 Rd8 18. Qe2 a5 19. Bb2 a4 20. Rfd1 axb3 21. axb3 Qc7 22. Be4 Nc6 23. Bxc6 Qxc6 24. Rd3 Rb7 25. Rad1 Rdb8 26. Qe3 Bf8 27. h3 Ra8 28. Qf4 Ra2 29. Bc3 Qc8 30. Rf3 Qe8 31. Ra1 Rxa1+ 32. Bxa1 Ra7 33. Bc3 Rb7 34. Bb2 g6 35. Qe4 Rb6 36. Rd3 Bg7 37. Ba3 Bf8 38. Qe3 Rc6 39. Qd2 Rc7 40. Qd1 Qa8 41. Bb2 Qa2 42. Bc1 Qa1 43. g3 Rb7 44. Bf4 Qxd1+ 45. Rxd1 h6 46. Rd3 g5 47. Be3 Kg7 48. Kg2 f6 49. f4 gxf4 50. Bxf4 Kg6 51. Kf3 fxe5 52. Bxe5 d6 53. Bf4 d5 54. cxd5 exd5 55. Rxd5 Rxb3+ 56. Ke4 Rb4+ 57. Kd3 Ra4 58. Be5 Kf7 59. Rd8 Ra3+ 60. Kc4 Ke6 61. Rxf8 Kxe5 62. Rh8 Rxg3 63. Rxh6 Rg1 1/2-1/2

[Event "Landesliga Nord 1415"]
[Site "Bayern"]
[Date "2014.10.19"]
[Round "1.2"]
[White "Wagner, Florian"]
[Black "Seuffert, Gabriel"]
[Result "1/2-1/2"]
[WhiteElo "2109"]
[BlackElo "2276"]
[PlyCount "160"]
[EventDate "2014.10.19"]
[EventType "team-tourn"]
[EventRounds "9"]
[EventCountry "GER"]
[SourceTitle "EXT 2018"]
[Source "ChessBase"]
[SourceDate "2017.10.13"]
[SourceVersion "1"]
[SourceVersionDate "2017.10.13"]
[SourceQuality "1"]
[WhiteTeam "Nuernberg NT II"]
[BlackTeam "Schweinfurt"]
[WhiteTeamCountry "GER"]
[BlackTeamCountry "GER"]

1. e4 c5 2. Nf3 e6 3. d4 cxd4 4. Nxd4 Nc6 5. Nc3 Qc7 6. g3 a6 7. Bg2 d6 8. 0-0 Bd7 9. Re1 Be7 10. Nb3 Rc8 11. f4 Na5 12. Nxa5 Qxa5 13. e5 dxe5 14. fxe5 Bb4 15. Bd2 Ne7 16. a3 Qb6+ 17. Kh1 Bxc3 18. Bxc3 Bc6 19. Rc1 0-0 20. Bd4 Bxg2+ 21. Kxg2 Qc6+ 22. Qf3 Rfd8 23. Re4 Qd5 24. c3 Nf5 25. Rce1 Rc4 26. Bf2 Rxe4 27. Rxe4 h5 28. Re2 g5 29. h3 Ne7 30. Qxd5 Rxd5 31. c4 Rd3 32. Re3 Rd7 33. Re2 Nc6 34. Kf3 Kg7 35. Ke4 Na5 36. Rc2 Nb3 37. Be3 Kg6 38. Rc3 Na5 39. b4 Nc6 40. b5 Ne7 41. a4 Rd1 42. Bc5 Nf5 43. g4 hxg4 44. hxg4 Re1+ 45. Kd3 Nh6 46. bxa6 bxa6 47. Bd6 Nxg4 48. Kd4 f6 49. exf6 Nxf6 50. Rd3 Ra1 51. Ba3 Kf5 52. Rf3+ Kg4 53. Rxf6 Rxa3 54. Rxe6 Rxa4 55. Kc3 Kf3 56. Re8 Ra1 57. Ra8 g4 58. c5 Rc1+ 59. Kd4 g3 60. Rg8 Kf4 61. Rf8+ Kg4 62. Rg8+ Kf3 63. Rf8+ Ke2 64. Rg8 Kf2 65. Rf8+ Kg1 66. Ra8 Kf2 67. Rxa6 g2 68. Rf6+ Ke2 69. Re6+ Kd2 70. Rg6 g1Q+ 71. Rxg1 Rxg1 72. c6 Rc1 73. Kd5 Kc3 74. Kc5 Kb3+ 75. Kb6 Kc4 76. c7 Kd5 77. Kb7 Rb1+ 78. Ka7 Ra1+ 79. Kb7 Rb1+ 80. Ka7 Ra1+ 1/2-1/2

[Event "Landesliga Nord 1314"]
[Site "Bayern"]
[Date "2014.03.16"]
[Round "8.2"]
[White "Seuffert, Gabriel"]
[Black "Velicka, Petr"]
[Result "1/2-1/2"]
[WhiteElo "2277"]
[BlackElo "2412"]
[PlyCount "94"]
[EventDate "2013.10.13"]
[EventType "team"]
[EventRounds "9"]
[EventCountry "GER"]
[SourceTitle "EXT 2015"]
[Source "ChessBase"]
[SourceDate "2014.11.20"]
[SourceVersion "1"]
[SourceVersionDate "2014.11.20"]
[SourceQuality "1"]
[WhiteTeam "Schweinfurt"]
[BlackTeam "Obernau"]
[WhiteTeamCountry "GER"]
[BlackTeamCountry "GER"]

1. Nf3 d5 2. c4 c6 3. g3 Bg4 4. Ne5 Be6 5. cxd5 Bxd5 6. f3 Nd7 7. Nxd7 Qxd7 8. e4 Be6 9. d4 Bh3 10. Nc3 Bxf1 11. Kxf1 e6 12. Be3 Nf6 13. Kg2 Be7 14. Qa4 0-0 15. Rhd1 Rfd8 16. Rac1 a6 17. Qa5 b5 18. a3 Qb7 19. Ne2 Rdc8 20. Nf4 Bd8 21. Qc3 Bb6 22. Nd3 Nd7 23. Nc5 Nxc5 24. dxc5 Bd8 25. Bd4 f6 26. Be3 Qe7 27. Qd3 Bc7 28. Qd7 Qxd7 29. Rxd7 Be5 30. Rc2 Rd8 31. Re7 Re8 32. Rxe8+ Rxe8 33. Rd2 Kf7 34. Bf4 Ke7 35. Bxe5 fxe5 36. Rd6 Rd8 37. Rxc6 Rd2+ 38. Kh3 a5 39. b4 axb4 40. axb4 Rb2 41. Rc7+ Kf6 42. Rb7 Rxb4 43. g4 h6 44. Kg3 Rb2 45. h4 b4 46. c6 Rc2 47. Rxb4 Rxc6 1/2-1/2

[Event "Landesliga Nord 1314"]
[Site "Bayern"]
[Date "2013.10.13"]
[Round "1.2"]
[White "Seuffert, Gabriel"]
[Black "Loew, Gerald"]
[Result "1-0"]
[WhiteElo "2277"]
[BlackElo "2220"]
[PlyCount "83"]
[EventDate "2013.10.13"]
[EventType "team"]
[EventRounds "9"]
[EventCountry "GER"]
[SourceTitle "EXT 2015"]
[Source "ChessBase"]
[SourceDate "2014.11.20"]
[SourceVersion "1"]
[SourceVersionDate "2014.11.20"]
[SourceQuality "1"]
[WhiteTeam "Schweinfurt"]
[BlackTeam "Bindlach II"]
[WhiteTeamCountry "GER"]
[BlackTeamCountry "GER"]

1. c4 c5 2. g3 g6 3. Bg2 Bg7 4. Nc3 Nc6 5. Nf3 e5 6. 0-0 Nge7 7. a3 d6 8. b4 0-0 9. Rb1 Rb8 10. d3 h6 11. Bd2 Be6 12. Ne1 Qd7 13. Qc1 Kh7 14. bxc5 dxc5 15. Ne4 Nd4 16. Kh1 Qc7 17. e3 Ndf5 18. Nc3 b6 19. Nd5 Qd7 20. Nf3 Rbd8 21. e4 Bxd5 22. exd5 Nd4 23. Nxd4 exd4 24. Qd1 Nc8 25. Re1 Rfe8 26. Qf3 Nd6 27. h4 Rxe1+ 28. Rxe1 Re8 29. Rxe8 Qxe8 30. Bh3 a6 31. Qd1 b5 32. Bf1 bxc4 33. dxc4 Qe4+ 34. f3 Qf5 35. Kh2 h5 36. Bf4 Be5 37. Bd3 Qf6 38. Bg5 Qh8 39. f4 Bg7 40. Qxh5+ Kg8 41. Qxh8+ Bxh8 42. Be7 1-0

[Event "Oberliga Bayern 1112"]
[Site "Bayern"]
[Date "2012.02.05"]
[Round "6.3"]
[White "Seuffert, Gabriel"]
[Black "Schuster, Karsten"]
[Result "1-0"]
[WhiteElo "2278"]
[BlackElo "2223"]
[PlyCount "87"]
[EventDate "2011.10.02"]
[EventType "team-tourn"]
[EventRounds "9"]
[EventCountry "GER"]
[SourceTitle "EXT 2013"]
[Source "ChessBase"]
[SourceDate "2012.11.22"]
[SourceVersion "1"]
[SourceVersionDate "2012.11.22"]
[SourceQuality "1"]
[WhiteTeam "Wuerzburg"]
[BlackTeam "Groebenzell"]
[WhiteTeamCountry "GER"]
[BlackTeamCountry "GER"]

1. c4 c6 2. g3 d5 3. Nf3 Nf6 4. Bg2 e6 5. 0-0 Bd6 6. d4 Nbd7 7. Nbd2 0-0 8. Qc2 Re8 9. Rd1 Qc7 10. e4 dxe4 11. Ng5 e5 12. dxe5 Bxe5 13. Ndxe4 h6 14. Nxf6+ Nxf6 15. Nf3 Bg4 16. Be3 Qc8 17. Re1 Bf5 18. Qb3 Bc7 19. Bd4 Ne4 20. Rad1 a5 21. a4 Rb8 22. Nh4 Bh7 23. c5 Ng5 24. Qc3 f6 25. f4 Nf7 26. Qc4 Rxe1+ 27. Rxe1 Qd7 28. Bf3 Re8 29. Rxe8+ Qxe8 30. Kf2 g5 31. Ng2 Kg7 32. Qb3 Nd8 33. Qc3 Qe7 34. Be3 Kg8 35. h4 gxf4 36. Nxf4 Be5 37. Qxa5 Bf5 38. Qb4 Kh7 39. Be4 Qd7 40. g4 Bxe4 41. Qxe4+ Kh8 42. Ng6+ Kg8 43. Nxe5 fxe5 44. Qg6+ 1-0

[Event "Oberliga Bayern 1112"]
[Site "Bayern"]
[Date "2012.01.15"]
[Round "5.2"]
[White "Seuffert, Gabriel"]
[Black "Hitzler, Philipp"]
[Result "1/2-1/2"]
[WhiteElo "2278"]
[BlackElo "2274"]
[PlyCount "108"]
[EventDate "2011.10.02"]
[EventType "team-tourn"]
[EventRounds "9"]
[EventCountry "GER"]
[SourceTitle "EXT 2013"]
[Source "ChessBase"]
[SourceDate "2012.11.22"]
[SourceVersion "1"]
[SourceVersionDate "2012.11.22"]
[SourceQuality "1"]
[WhiteTeam "Wuerzburg"]
[BlackTeam "Neutraubling"]
[WhiteTeamCountry "GER"]
[BlackTeamCountry "GER"]

1. c4 c6 2. e4 e5 3. Nc3 d6 4. d4 Nd7 5. Nf3 Ngf6 6. Be2 Be7 7. 0-0 0-0 8. Qc2 Re8 9. Rd1 Bf8 10. Rb1 a5 11. h3 exd4 12. Rxd4 Qb6 13. Bg5 h6 14. Be3 Nc5 15. Rdd1 Qc7 16. Nd2 Qe7 17. Bf3 Nfd7 18. Nb3 Qh4 19. Bg4 h5 20. g3 Qf6 21. Be2 Qg6 22. Nd4 Nf6 23. Nf5 Nfxe4 24. Nh4 Qf6 25. Nxe4 Nxe4 26. Bd4 Qe6 27. Re1 d5 28. Bf1 Bb4 29. Re3 c5 30. cxd5 Qxd5 31. Bc3 Bxc3 32. bxc3 Bd7 33. Rd1 Qc6 34. Rxd7 Qxd7 35. Rxe4 Rxe4 36. Qxe4 Re8 37. Qf4 Re1 38. Ng2 Re8 39. a4 Qe7 40. Bc4 g6 41. Ne3 Kg7 42. Bd5 Rd8 43. c4 Rd6 44. g4 hxg4 45. Nxg4 Rb6 46. Kg2 Ra6 47. Qh6+ Kg8 48. Qd2 Kh7 49. Qb2 f5 50. Ne3 Rf6 51. Qxb7 Qxb7 52. Bxb7 Rb6 53. Bc8 Rb4 54. Bd7 f4 1/2-1/2